Top 10 Nintendo 64 Games - Statistics

General Stats
  • This quiz has been taken 148 times
  • The average score is 5 of 10
Answer Stats
Year Game Score % Correct
1996 Super Mario 64 93
96%
1998 The Legend of Zelda: Ocarina of Time 99
82%
1997 GoldenEye 007 95
75%
2000 The Legend of Zelda: Majora's Mask 94
74%
1998 Banjo-Kazooie 92
57%
2000 Perfect Dark 97
45%
2001 Conker's Bad Fur Day 92
30%
2001 Paper Mario 92
27%
1998 Wave Race 64 92
19%
2000 Mario Tennis 91
15%
No matching quizzes found
Score Distribution
Percent of People with Each Score
Percentile by Number Answered
Your Score History
You have not taken this quiz